000 nam a22 a 4500
999 _c103987
_d103987
003 BLK
005 20230223142020.0
008 180409b bul|||||r ||||||| ||bul||
010 _aKNG00109083000
040 _aBLK
041 _aBUL
_cBUL
080 _aТърговия. Международни икономически отношения. Световно стопанство
_b339
_z339
100 1 _aМакФорън, Дезмънд
_eпърви автор
_991492
139 _aМакФорън, Дезмънд
_bМ 19
245 1 0 _aПродажбите и умението да се продава
_cДезмънд МакФорън; прев. от англ. Албена Горанова; прев. от англ. Теодор Кънчев.
257 _aUSA
260 _aСофия
_bИЦТТ Информа
_c1992
300 _a80 с.
_bсъс сх., диагр.
_c21 см
380 _a3
490 _aБиблиотека на бизнесмена
_v3
_9202162
650 4 _aМаркетинг
_9161163
653 _aмаркетинг
700 1 _aГоранова, Албена
_eпрев. от англ.
_9309758
700 1 _aКънчев, Теодор
_eпрев. от англ.
_9242495
852 _aЦб 169000
856 4 _qpdf
_i25.00
_ldisable
856 4 _qpdf
_i25.00
_ldisable
942 _cKNG
_n0
_01
_s1
944 _aCR
_c20.11.2003
_kЦветанка_Енчева
944 _aED
_c04.12.2003
999 _d103987